| 000 | 01168cad a22002055a 4500 | ||
|---|---|---|---|
| 001 | L157931 | ||
| 008 | 130725s2013 xxk f 000 0 eng d | ||
| 035 | _a(Sirsi) u157931 | ||
| 041 | 0 | _aeng | |
| 110 | 2 |
_aUnited Kingdom _bDepartment for Communities and Local Government _94939 |
|
| 245 | 0 | 0 |
_aGreen Deal Communities _bLocal Authority Fund _h[electronic resource] |
| 260 |
_aLondon _bDECC _c2013 |
||
| 520 | _a£20m Green Deal Communities scheme will help local authorities drive street-by-street delivery of the Green Deal. To allow the development of strong bids local authorities will be able to bid up to 31 December 2013 or until the funds are exhausted. A Green Deal Provider Forum will also be established to look at ways of supporting and enhancing the Green Deal and the energy efficiency retrofit sector. | ||
| 590 | _aKA | ||
| 651 | 4 | _aUnited Kingdom | |
| 690 |
_aEnergy _96237 |
||
| 690 |
_aSustainability _96271 |
||
| 856 | 4 | 0 |
_uhttps://www.gov.uk/government/uploads/system/uploads/attachment_data/file/225298/Green_Deal_Communities_Fund_-_Application_Pack__P_.pdf _zView further information and an application free of charge at www.gov.uk |
| 942 | _n0 | ||
| 999 |
_c115034 _d115034 |
||